Operatori museali e disabilità (Record n. 336741)
[ formato base ]
| 000 -LEADER | |
|---|---|
| campo di controllo lung. fissa | nam a22 7a 4500 |
| 003 - Identificatore del numero di controllo | |
| campo di controllo | IT-MiCISF |
| 005 - Data e orario dell'ultima transazione | |
| campo di controllo | 20170703150341.0 |
| 008 - Elementi di lunghezza fissa--Informazione generale | |
| campo di controllo lung. fissa | 170703b xxu||||| |||| 00| 0 eng d |
| 040 ## - Fonte della catalogazione | |
| Agenzia catalografica originale | IT-MiCISF |
| Agenzia che fa la trascrizione | IT-MiCISF |
| 041 ## - Codice di lingua | |
| Codice di lingua del testo/traccia sonora o titolo separato | it |
| 100 ## - Accesso principale -- nome di persona | |
| Nome di persona | Serra Fabrizio |
| 9 (RLIN) | 56539 |
| 245 ## - Formulazione del titolo | |
| Titolo | Operatori museali e disabilità |
| Complemento del titolo | Come favorire una cultura dell'accoglienza |
| 260 ## - Pubblicazione, distribuzione, ecc. (stampa) | |
| Luogo di pubblicazione, distribuzione, ecc. | Roma |
| Nome dell'editore, distributore, ecc. | Carocci |
| Data di pubblicazione, distribuzione, ecc. | 2017 |
| 300 ## - Descrizione fisica | |
| Estensione | pp. 191 |
| 500 ## - Nota generale | |
| Nota generale | handicap, società, cultura, comunicazione, esperienze |
| 520 ## - Riassunto, ecc. | |
| Nota di riassunto, ecc. | La partecipazione alla vita e alle attività museali è un diritto per tutti. È necessario quindi predisporre metodi e strumenti che consentano l’effettiva accessibilità dei luoghi d’arte, non solo prevedendo l’abbattimento delle barriere architettoniche, ma anche accrescendo le competenze relazionali di chi lavora a contatto con il pubblico. Da queste considerazioni nasce il progetto di formazione rivolto agli operatori museali, con l’obiettivo di migliorare l’accoglienza, l’attenzione alla comunicazione e la cura della relazione. L’accessibilità sarà completa quando, oltre alle barriere architettoniche, saranno abbattute anche quelle relazionali, che possono generare tensioni, malumori, incomprensioni, e sarà garantita a tutti la possibilità di trascorrere una giornata al museo piacevole, rilassante, edificante. |
| 650 ## - Accesso aggiunto di soggetto--termine topico | |
| Termine topico o nome geografico come accesso | handicap |
| 9 (RLIN) | 56194 |
| 654 ## - Accesso aggiunto di soggetto--termini topici faccettati | |
| Termine principale | saggio |
| 700 ## - Accesso aggiunto--nome di persona | |
| Nome di persona | Tartaglia Franco |
| -- | Venuti Silvio |
| 9 (RLIN) | 56540 |
| 942 ## - Dati aggiuntivi (Koha) | |
| Fonte della classificazione o dello schema di collocazione (segnatura) | Dewey Decimal Classification |
| Tipo copia default (Koha) | LIBRO |
| Ritirato (status) | Perso (status) | Fonte della classificazione o dello schema di collocazione (segnatura) | Danneggiato (status) | Non per il presito | Biblioteca proprietaria | Biblioteca in cui si trova | Data d'acquisizione | Totale prestiti | Collocazione | Codice a barre | Data ultima operazione | Prezzo in vigore dal | Tipo copia default (Koha) |
|---|---|---|---|---|---|---|---|---|---|---|---|---|---|
| Dewey Decimal Classification | Buone Condizioni | Not For Loan | CISF - Milano | CISF - Milano | 03/07/2017 | a2233 | 9788874667628 | 03/07/2017 | 03/07/2017 | LIBRO |